| 000 | 00443nam a2200133 a 4500 | ||
|---|---|---|---|
| 001 | 000033050 | ||
| 005 | 20200930070009.0 | ||
| 008 | 110808s1959 dr 000 0 spa d | ||
| 040 |
_aDO-SdBNP _bspa _cBNPHU |
||
| 245 | 0 | 4 |
_aLos enemigos de la revolución Dominicana : _bentreguismo colonialista contra progreso y autonomÃa. |
| 260 |
_aNueva York, Estados Unidos : _bFrente Unido Dominicano, _c1959. |
||
| 300 |
_a24 p. ; _c15 cm. |
||
| 049 | _aBNPD | ||
| 999 |
_c32541 _d32541 |
||